Представление документа в формате MARC21

Поле Инд. ПП Название Значение
Тип записи a
Библиографический уровень b
001 Контрольный номер RU/IS/BASE/283514941
005 Дата корректировки 20220715140332.7
008 Кодируемые данные 20081225
040 b Код языка каталог. rus
e Правила каталог. PSBO
041 0_ a Код языка текста rus
084 a Индекс другой классификации/Индекс ББК 66.4в
100 1_ a Автор Дробот Г. А.
q Полное имя Дробот Галина Анатольевна
245 10 a Заглавие Предмет мировой политики
504 a Библиография Библиогр. ссылки. - Примеч.
650 a Основная рубрика международные отношения
a Основная рубрика политика
a Основная рубрика политическая социология
a Основная рубрика социология
653 a Ключевые слова анализ мировой политики
a Ключевые слова мировая политика
a Ключевые слова политико-социологический подход
a Ключевые слова предмет мировой политики
a Ключевые слова теория международных отношений
773 t Заглавие источника Вестник Московского университета. Серия 18, Социология и политология
d Дата издания источника 2008
g Прочая информация № 1. - С. 61 - 73
w Контрольный № источника RU/IS/BASE/279889919
901 t Тип документа b